000 00602aaa a2200193 a 4500
001 78734
003 BD-RjUL
005 20211209083152.0
008 211109s1983 ii ||||| |||| 00| 0 urd d
035 _a(BD-RjUL)
040 _aBD-RjUL
_beng
_cBD-RjUL
041 _aurd
082 _223
_a891.4393
_bHAK 1983
245 _aکہانی کے پانچ رنگ ;; kahnu ke panc rang /
_cشمیم حنفی ;; Shamim Hanafi
260 _aنئی دہلی ;; New Delhi :
_bمکتبہ جامعہ , ;; Maktab al Jamiat,
_c1983
300 _a140 p. ;
_c22 cm
650 _aUrdu Literature
_9249782
942 _2ddc
_cBK
999 _c78734
_d78734